LEADER 00966nam a2200253 u 4500 001 000000003598 003 CaOOAMICUS 005 20070226104545.0 008 940921s1979 it u000 u ita u 035 $a10094539 040 $aPUL(R)$bita 100 1 $aGinzburg, Carlo,$d1939-$0(OLS)http://pul/name/3769 245 10$aReligioni delle classi popolari /$ca cura di C. Ginzburg. 260 $aAncona :$b[AGE],$c1979. 300 $a394-800 p. ;$c21 cm 490 1 $aQuaderni storici ;$v41 504 $aContiene indicazioni bibliografiche. 830 0$aQuaderni storici ;$v41.$0(OLS)http://pul/title/5273 850 $aPUL 852 $aPUL$W1$xDP1 Cons. Gen., Altre Classi 1$y22$m780 C 26$j4790$nBK-PRI$b $qStampati$B4790$CPULBib$Z2$F4790 $H $81 941 1 $a8 961 $aINV: 53546 996 $6245$aReligioni delle classi popolari$9(OLS)http://pul/title/5272 996 $6260$aAncona :$b[AGE]$9(OLS)http://pul/publisher/49974 LEADER 01497namaa2200337 i 4500 001 000000178367 003 CaOOAMICUS 005 20260114142205.0 008 260114s2021 fr a 000 u fre r 020 $a978-2-7116-2979-4* 032 $aLibriCat 040 $aPUL$bita 100 1 $aDecaix, Véronique,$d1982-,$eautore.$0(OLS)http://pul/name/114767 245 10$aConstituer le réel :$bnoétique et métaphysique chez Dietrich de Freiberg /$cpar Véronique Decaix. 260 $aParis :$bJ. Vrin,$c©2021. 300 $a333 pagine ;$c24 cm 336 $atesto$btxt$2rdacontent 337 $asenza mediazione$bn$2rdamedia 338 $avolume$bnc$2rdacarrier 490 1 $aEtudes de philosophie médiévale ;$v112 504 $aBibliografia : pagine [301]-323. 600 04$aDietrich,$cvon Freiberg,$dca. 1250-ca. 1310.$0(OLS)http://pul/subject/10515 650 4$aMetafisica$yEvo medio.$0(OLS)http://pul/subject/6615 830 0$aEtudes de philosophie médiévale ;$v112.$0(OLS)http://pul/title/1367 850 $aPUL 852 $aPUL$W1$xSL Filosofia 2$y80$mPhil A4 112$j202225$qStampati Altre Collocazioni$B207473$CPULBib$Z2$F207473 $H138319 $82 941 1 $a10 996 $6020$a978-2-7116-2979-4*$9(OLS)http://pul/number/170786 996 $6245$aConstituer le réel :$bnoétique et métaphysique chez Dietrich de Freiberg$9(OLS)http://pul/title/219941 996 $6260$aParis :$bJ. Vrin$9(OLS)http://pul/publisher/48393